| 000 | 00386nam a2200145Ia 4500 | ||
|---|---|---|---|
| 008 | 150301s2003 xx 000 0 und d | ||
| 082 |
_a617.63 _bB2003G |
||
| 100 | _aGREEN BURG | ||
| 245 | _aBURKET'S ORAL MEDICINE DIAGNOSIS AND TREATMENT | ||
| 250 | _a10TH | ||
| 260 |
_bBC DECKER INC PUBLICATION _aHAMILTON _c2003 |
||
| 300 | _a1-658 | ||
| 650 | _aORAL MEDICINE | ||
| 942 |
_2ddc _cBK _015 |
||
| 999 |
_c6889 _d6889 |
||